The potential for expert systems within quantity surveying : an overview (Record no. 92734)

MARC details
000 -LEADER
fixed length control field 00710cam a2200229 4500
008 - FIXED-LENGTH DATA ELEMENTS--GENERAL INFORMATION
fixed length control field 090401t1990 xxu||||| |||| 00| 0 eng d
020 ## - INTERNATIONAL STANDARD BOOK NUMBER
International Standard Book Number 0854064540
035 ## - SYSTEM CONTROL NUMBER
System control number (Sirsi) u50667
041 ## - LANGUAGE CODE
Language code of text/sound track or separate title eng
050 ## - LIBRARY OF CONGRESS CALL NUMBER
Classification number 692.50285
090 ## - LOCALLY ASSIGNED LC-TYPE CALL NUMBER (OCLC); LOCAL CALL NUMBER (RLIN)
Classification number (OCLC) (R) ; Classification number, CALL (RLIN) (NR) RICS 1990/25ABCD
100 ## - MAIN ENTRY--PERSONAL NAME
Personal name Brandon, Peter
245 #4 - TITLE STATEMENT
Title The potential for expert systems within quantity surveying : an overview
260 ## - PUBLICATION, DISTRIBUTION, ETC.
Place of publication, distribution, etc. London
Name of publisher, distributor, etc. Royal Institution of Chartered Surveyors
Date of publication, distribution, etc. 1990
300 ## - PHYSICAL DESCRIPTION
Extent viii,108p. ; 30cm.
350 ## - PRICE (NR) (BK AM CF MU VM SE) [OBSOLETE]
Price 15
520 ## - SUMMARY, ETC.
Summary, etc. Collaborative study between University of Salford and University of Reading , funded by the RICS.
700 ## - ADDED ENTRY--PERSONAL NAME
Personal name Stafford, Bruce
700 ## - ADDED ENTRY--PERSONAL NAME
Personal name Atkin, Brian
942 ## - ADDED ENTRY ELEMENTS (KOHA)
Suppress in OPAC 0
948 ## - LOCAL PROCESSING INFORMATION (OCLC); SERIES PART DESIGNATOR (RLIN)
c (OCLC) 04/03/1997
Holdings
Withdrawn status Lost status Source of classification or shelving scheme Damaged status Not for loan Home library Current library Shelving location Date acquired Cost, normal purchase price Total Checkouts Full call number Barcode Date last seen Copy number Cost, replacement price Price effective from Koha item type
    Dewey Decimal Classification     London London RICS Boxes 14/09/1999 15.00   RICS 1990/25 30023100 06/08/2019 1 15.00 06/08/2019 Archive
    Dewey Decimal Classification     London London RICS Boxes 14/09/1999 15.00   RICS 1990/25 30024089 06/08/2019 1 15.00 06/08/2019 Book
    Dewey Decimal Classification     London London RICS Boxes 14/09/1999 15.00   RICS 1990/25 30031523 06/08/2019 2 15.00 06/08/2019 Reference material
    Dewey Decimal Classification     London London RICS Boxes 14/09/1999 15.00   RICS 1990/25 30057220 06/08/2019 3 15.00 06/08/2019 Book